[Event "Titled Tuesday intern op 02nd Apr Early"]
[Site "Chess.com INT"]
[Date "2024.04.02"]
[Round "4"]
[White "Larina, Marija"]
[Black "Saragih, Arif Rahman"]
[Result "1-0"]
[WhiteElo "1969"]
[BlackElo "2245"]
[PlyCount "21"]
[EventDate "2024.04.02"]
[EventType "swiss (blitz)"]
[EventRounds "11"]
[EventCountry "USA"]
[SourceTitle "CB15_2024"]
[SourceDate "2024.04.10"]
[SourceVersion "1"]
[SourceVersionDate "2024.04.10"]
[SourceQuality "1"]

1. e4 Nc6 2. Nf3 d5 3. exd5 Qxd5 4. Nc3 Qa5 5. g3 f6 6. Bg2 e5 7. d3 Be7 8. 0-0 Bd7 9. Bd2 Qb6 10. Nd5 Qa6 11. Nxc7+ 1-0

[Event "Titled Tuesday intern op 02nd Apr Early"]
[Site "Chess.com INT"]
[Date "2024.04.02"]
[Round "3"]
[White "Palencia Morales, Wilson Guillermo"]
[Black "Larina, Marija"]
[Result "1-0"]
[WhiteElo "2188"]
[BlackElo "1969"]
[PlyCount "67"]
[EventDate "2024.04.02"]
[EventType "swiss (blitz)"]
[EventRounds "11"]
[EventCountry "USA"]
[SourceTitle "CB15_2024"]
[SourceDate "2024.04.10"]
[SourceVersion "1"]
[SourceVersionDate "2024.04.10"]
[SourceQuality "1"]

1. d4 f5 2. c4 Nf6 3. Nf3 d6 4. g3 g6 5. Bg2 Bg7 6. 0-0 0-0 7. Nc3 Nc6 8. d5 Ne5 9. Nxe5 dxe5 10. c5 Kh8 11. Qb3 e4 12. Rd1 h6 13. Be3 g5 14. Bd4 Qe8 15. Nb5 Qd7 16. Be5 Ne8 17. Bxg7+ Kxg7 18. Qc3+ Kh7 19. c6 bxc6 20. dxc6 Qe6 21. Qc5 Ba6 22. Nd4 Qg6 23. Qxe7+ Rf7 24. Qa3 Bc4 25. Qc5 Ba6 26. Qa5 Bc8 27. Qe5 Nd6 28. f4 exf3 29. Nxf3 Ba6 30. Re1 Ne4 31. Qa5 Qxc6 32. Ne5 Qe6 33. Nxf7 Qxf7 34. Qxa6 1-0

[Event "Titled Tuesday intern op 14th Nov Early"]
[Site "Chess.com INT"]
[Date "2023.11.14"]
[Round "8"]
[White "Kanyamarala, Trisha"]
[Black "Larina, Marija"]
[Result "1-0"]
[WhiteElo "2181"]
[BlackElo "1948"]
[PlyCount "75"]
[EventDate "2023.11.14"]
[EventType "swiss (blitz)"]
[EventRounds "11"]
[EventCountry "USA"]
[SourceTitle "CB47_2023"]
[SourceDate "2023.11.22"]
[SourceVersion "1"]
[SourceVersionDate "2023.11.22"]
[SourceQuality "1"]

1. c4 e5 2. Nc3 f5 3. g3 Nf6 4. Bg2 d6 5. Nf3 Nc6 6. d3 Be7 7. 0-0 0-0 8. Rb1 a5 9. a3 Qe8 10. b4 axb4 11. axb4 Bd8 12. b5 Ne7 13. c5 Ng6 14. d4 e4 15. Ng5 d5 16. Qb3 c6 17. f3 h6 18. Nh3 Bd7 19. Nf4 Nxf4 20. Bxf4 Nh5 21. fxe4 Nxf4 22. Rxf4 fxe4 23. Rxf8+ Qxf8 24. Nxe4 Qf7 25. Nd6 Qg6 26. Rf1 Bf6 27. bxc6 bxc6 28. Bxd5+ Kh8 29. Be4 Bxd4+ 30. Kh1 Qe6 31. Qd3 Bxc5 32. Nf7+ Kg8 33. Bh7+ Kf8 34. Ng5+ Ke7 35. Nxe6 Bxe6 36. Qc3 Bd5+ 37. e4 Ra3 38. Qxc5+ 1-0

[Event "Titled Tuesday intern op 14th Nov Early"]
[Site "Chess.com INT"]
[Date "2023.11.14"]
[Round "2"]
[White "Larina, Marija"]
[Black "Rietze, Clemens"]
[Result "0-1"]
[WhiteElo "1948"]
[BlackElo "2325"]
[PlyCount "52"]
[EventDate "2023.11.14"]
[EventType "swiss (blitz)"]
[EventRounds "11"]
[EventCountry "USA"]
[SourceTitle "CB47_2023"]
[SourceDate "2023.11.22"]
[SourceVersion "1"]
[SourceVersionDate "2023.11.22"]
[SourceQuality "1"]

1. e4 c5 2. Nc3 Nc6 3. g3 g6 4. Bg2 Bg7 5. d3 Rb8 6. Be3 d6 7. Qd2 b5 8. Nf3 Nd4 9. b4 Nxf3+ 10. Bxf3 cxb4 11. d4 bxc3 12. Qxc3 Bd7 13. 0-0 Qc8 14. Qd2 Bg4 15. Bg2 h5 16. f3 Bh3 17. Rab1 Bxg2 18. Kxg2 Nf6 19. e5 Nd5 20. Bg5 0-0 21. Rb3 Re8 22. f4 Qc6 23. Kg1 Rbc8 24. Rf2 Nc3 25. Qe3 Nd1 26. Qe2 Nxf2 0-1

[Event "Titled Tuesday intern op 14th Nov Early"]
[Site "Chess.com INT"]
[Date "2023.11.14"]
[Round "11"]
[White "Politov, Pavel Y"]
[Black "Larina, Marija"]
[Result "1/2-1/2"]
[WhiteElo "2190"]
[BlackElo "1948"]
[PlyCount "132"]
[EventDate "2023.11.14"]
[EventType "swiss (blitz)"]
[EventRounds "11"]
[EventCountry "USA"]
[SourceTitle "CB47_2023"]
[SourceDate "2023.11.22"]
[SourceVersion "1"]
[SourceVersionDate "2023.11.22"]
[SourceQuality "1"]

1. d4 f5 2. c4 Nf6 3. Nc3 d6 4. Bg5 Nbd7 5. Nf3 g6 6. Bxf6 Nxf6 7. e3 Bg7 8. Be2 0-0 9. 0-0 c6 10. Qd2 Ne4 11. Qc2 Nxc3 12. Qxc3 Qc7 13. Qc2 e5 14. dxe5 dxe5 15. Rad1 e4 16. Nd2 Qe5 17. b3 Be6 18. Nb1 Rad8 19. Rxd8 Rxd8 20. Rd1 Rxd1+ 21. Qxd1 Bf6 22. h3 Kg7 23. a3 Be7 24. b4 Bd6 25. Qd4 b6 26. c5 Qxd4 27. exd4 Bc7 28. Nc3 Kf6 29. b5 Bd7 30. bxc6 Bxc6 31. d5 Be8 32. d6 Bd8 33. Nd5+ Ke5 34. Nc7 Bc6 35. cxb6 axb6 36. Nb5 Bxb5 37. Bxb5 Kxd6 38. Kf1 Kc5 39. a4 Bf6 40. Ke2 Bd4 41. Kf1 f4 42. Ke2 g5 43. f3 e3 44. Kd3 Bf6 45. Ke2 Kd4 46. Be8 h6 47. Bb5 Kc3 48. Be8 Bd4 49. Bb5 Be5 50. Bc6 Bd4 51. Bb5 h5 52. Bc6 h4 53. Bb5 Be5 54. Bc6 Kd4 55. Bb5 Kc5 56. Bd7 Bd4 57. Be8 Be5 58. Bb5 Kb4 59. Be8 Kc3 60. Bb5 Kd4 61. Be8 Kc5 62. Bb5 Kd6 63. Be8 Ke7 64. Bb5 Kd6 65. Be8 Ke7 66. Bb5 Kd6 1/2-1/2

[Event "Titled Tuesday intern op 05th Sep Early"]
[Site "Chess.com INT"]
[Date "2023.09.05"]
[Round "2"]
[White "Larina, Marija"]
[Black "Toropov, Pavel"]
[Result "0-1"]
[WhiteElo "1948"]
[BlackElo "2336"]
[PlyCount "58"]
[EventDate "2023.09.05"]
[EventType "swiss (blitz)"]
[EventRounds "11"]
[EventCountry "USA"]
[SourceTitle "EXT 2024"]
[Source "ChessBase"]
[SourceDate "2023.10.10"]
[SourceVersion "1"]
[SourceVersionDate "2023.10.10"]
[SourceQuality "1"]

1. e4 e6 2. d4 d5 3. Nc3 dxe4 4. Nxe4 Nd7 5. Nf3 Ngf6 6. Bg5 Be7 7. Nxf6+ Nxf6 8. Bd3 0-0 9. Qe2 c5 10. 0-0-0 cxd4 11. Kb1 Qb6 12. Nxd4 Nd5 13. Bxe7 Nc3+ 14. Ka1 Nxe2 15. Bxf8 Nxd4 16. Ba3 e5 17. Rhe1 Qf6 18. f3 Bf5 19. c3 Nc6 20. Bb5 Rd8 21. Rxd8+ Qxd8 22. g4 Be6 23. Ba4 h6 24. Rd1 Qh4 25. Bc2 Qxh2 26. Be4 Qe2 27. Rc1 g6 28. Bc5 Qc4 29. b3 Qxc5 0-1

[Event "Titled Tuesday intern op 29th Aug Early"]
[Site "Chess.com INT"]
[Date "2023.08.29"]
[Round "2"]
[White "Herman, Daniel"]
[Black "Larina, Marija"]
[Result "1-0"]
[WhiteElo "1928"]
[BlackElo "1948"]
[PlyCount "85"]
[EventDate "2023.08.29"]
[EventType "swiss (blitz)"]
[EventRounds "11"]
[EventCountry "USA"]
[SourceTitle "EXT 2024"]
[Source "ChessBase"]
[SourceDate "2023.10.10"]
[SourceVersion "1"]
[SourceVersionDate "2023.10.10"]
[SourceQuality "1"]

1. c4 e5 2. Nc3 f5 3. g3 Nf6 4. Bg2 Nc6 5. d3 Be7 6. Nf3 0-0 7. 0-0 d6 8. Rb1 Qe8 9. b4 Bd8 10. b5 Ne7 11. Qb3 Kh8 12. c5 Qh5 13. Ba3 e4 14. Nd4 d5 15. c6 b6 16. Bxe7 Bxe7 17. Nxd5 Nxd5 18. Qxd5 Rd8 19. Qc4 Bf6 20. Ne6 Bxe6 21. Qxe6 exd3 22. exd3 Rxd3 23. Rfe1 Rdd8 24. Rb3 Re8 25. Rbe3 Rxe6 26. Rxe6 Rf8 27. f4 Qf7 28. Bd5 Qg6 29. Kg2 h5 30. Kf3 Qg4+ 31. Kg2 h4 32. Bf3 Qg6 33. Bd5 Qh5 34. Bf3 h3+ 35. Kf2 Qg6 36. Kf1 Rd8 37. R1e2 Rd1+ 38. Kf2 Bd4+ 39. R6e3 Bxe3+ 40. Rxe3 Qf6 41. Be2 Qb2 42. Kf3 Rh1 43. Re8+ 1-0

[Event "Titled Tuesday intern op 15th Aug Early"]
[Site "Chess.com INT"]
[Date "2023.08.15"]
[Round "9"]
[White "Petre, Nad Titus"]
[Black "Larina, Marija"]
[Result "1-0"]
[WhiteElo "2306"]
[BlackElo "1948"]
[PlyCount "95"]
[EventDate "2023.08.15"]
[EventType "swiss (blitz)"]
[EventRounds "11"]
[EventCountry "USA"]
[SourceTitle "EXT 2024"]
[Source "ChessBase"]
[SourceDate "2023.10.10"]
[SourceVersion "1"]
[SourceVersionDate "2023.10.10"]
[SourceQuality "1"]

1. e4 c6 2. Nf3 d5 3. Nc3 Bg4 4. h3 Bxf3 5. Qxf3 e6 6. g4 d4 7. Ne2 Bc5 8. Bg2 Ne7 9. h4 Nd7 10. Qg3 Qa5 11. c3 dxc3 12. bxc3 Ba3 13. 0-0 Bxc1 14. Rfxc1 0-0 15. d4 Nb6 16. c4 Rad8 17. h5 h6 18. Qc7 Rd7 19. Qg3 Qd2 20. Bf1 Rfd8 21. c5 Nbc8 22. Rd1 Qc2 23. Qe3 Kh8 24. Rd2 Qa4 25. Rad1 b6 26. Nc3 Qa3 27. cxb6 axb6 28. Rd3 Qa5 29. a4 Nd6 30. R3d2 Ng8 31. e5 Ne8 32. Bg2 Rc8 33. g5 hxg5 34. Ne4 Qxa4 35. Nxg5 Nh6 36. Be4 c5 37. Bc2 Qb4 38. Qe4 Nf5 39. d5 Qxe4 40. Bxe4 Rcd8 41. dxe6 Rxd2 42. Rxd2 Rxd2 43. exf7 Rd1+ 44. Kh2 Nf6 45. f8Q+ Ng8 46. Nf7+ Kh7 47. Bxf5+ g6 48. Bxg6# 1-0

[Event "Titled Tuesday intern op 15th Aug Early"]
[Site "Chess.com INT"]
[Date "2023.08.15"]
[Round "7"]
[White "Topalov, Aleksandar"]
[Black "Larina, Marija"]
[Result "1-0"]
[WhiteElo "2233"]
[BlackElo "1948"]
[PlyCount "55"]
[EventDate "2023.08.15"]
[EventType "swiss (blitz)"]
[EventRounds "11"]
[EventCountry "USA"]
[SourceTitle "EXT 2024"]
[Source "ChessBase"]
[SourceDate "2023.10.10"]
[SourceVersion "1"]
[SourceVersionDate "2023.10.10"]
[SourceQuality "1"]

1. b3 e5 2. Bb2 d6 3. d4 exd4 4. Qxd4 Nc6 5. Qf4 Qd7 6. Nc3 Nf6 7. Nf3 Be7 8. 0-0-0 Qf5 9. Qd2 0-0 10. e4 Qd7 11. h3 b6 12. Bb5 a6 13. Bc4 b5 14. Bd5 Bb7 15. e5 Nxd5 16. Nxd5 Rad8 17. Rhe1 Rfe8 18. Nxe7+ Rxe7 19. Qg5 h6 20. Qg3 g6 21. h4 Kh7 22. h5 Rg8 23. hxg6+ fxg6 24. exd6 Rxe1 25. Nxe1 cxd6 26. Rxd6 Qf7 27. Qc3 Rc8 28. Kb1 1-0

[Event "Titled Tuesday intern op 01st Aug Early"]
[Site "Chess.com INT"]
[Date "2023.08.01"]
[Round "5"]
[White "Eggleston, Thomas"]
[Black "Larina, Marija"]
[Result "1-0"]
[WhiteElo "2215"]
[BlackElo "1948"]
[PlyCount "53"]
[EventDate "2023.08.01"]
[EventType "swiss (blitz)"]
[EventRounds "11"]
[EventCountry "USA"]
[SourceTitle "EXT 2024"]
[Source "ChessBase"]
[SourceDate "2023.10.10"]
[SourceVersion "1"]
[SourceVersionDate "2023.10.10"]
[SourceQuality "1"]

1. e4 c6 2. Nc3 d5 3. Nf3 Bg4 4. Be2 dxe4 5. Nxe4 Nd7 6. Ng3 Ndf6 7. h3 Bxf3 8. Bxf3 e6 9. d4 Bd6 10. 0-0 Qc7 11. c4 Bxg3 12. fxg3 Qxg3 13. d5 Qc7 14. dxe6 fxe6 15. Qe2 e5 16. Bf4 Ne7 17. Bxe5 Qb6+ 18. Kh1 Kf7 19. Bxf6 gxf6 20. Rae1 Rae8 21. Qe6+ Kg7 22. Bh5 c5 23. Qf7+ Kh6 24. Rxf6+ Kg5 25. Rxb6 axb6 26. Rxe7 Ref8 27. Qd5+ 1-0

[Event "Titled Tuesday intern op 01st Aug Early"]
[Site "Chess.com INT"]
[Date "2023.08.01"]
[Round "6"]
[White "Hrbek, Stepan"]
[Black "Larina, Marija"]
[Result "1-0"]
[WhiteElo "2404"]
[BlackElo "1948"]
[PlyCount "53"]
[EventDate "2023.08.01"]
[EventType "swiss (blitz)"]
[EventRounds "11"]
[EventCountry "USA"]
[SourceTitle "EXT 2024"]
[Source "ChessBase"]
[SourceDate "2023.10.10"]
[SourceVersion "1"]
[SourceVersionDate "2023.10.10"]
[SourceQuality "1"]

1. e4 c6 2. d4 d6 3. Nc3 g6 4. Be3 Bg7 5. Qd2 Nd7 6. h4 h6 7. h5 g5 8. f4 gxf4 9. Bxf4 Ngf6 10. Nf3 Qa5 11. 0-0-0 Nxh5 12. Bh2 Nb6 13. Kb1 Be6 14. Be2 Nc4 15. Bxc4 Bxc4 16. e5 0-0-0 17. g4 dxe5 18. gxh5 exd4 19. Qf4 e5 20. Qg4+ Be6 21. Qxg7 dxc3 22. a3 Qb5 23. b4 Qc4 24. Rd5 Bxd5 25. Kc1 Bxf3 26. Qxe5 Rd5 27. Qc7# 1-0

[Event "Titled Tuesday intern op 01st Aug Early"]
[Site "Chess.com INT"]
[Date "2023.08.01"]
[Round "1"]
[White "Toropov, Pavel"]
[Black "Larina, Marija"]
[Result "1-0"]
[WhiteElo "2336"]
[BlackElo "1948"]
[PlyCount "83"]
[EventDate "2023.08.01"]
[EventType "swiss (blitz)"]
[EventRounds "11"]
[EventCountry "USA"]
[SourceTitle "EXT 2024"]
[Source "ChessBase"]
[SourceDate "2023.10.10"]
[SourceVersion "1"]
[SourceVersionDate "2023.10.10"]
[SourceQuality "1"]

1. e4 c6 2. d4 d5 3. exd5 cxd5 4. Bd3 Nc6 5. c3 e5 6. dxe5 Nxe5 7. Nf3 Nxd3+ 8. Qxd3 Bd6 9. Qxd5 Ne7 10. Qh5 0-0 11. 0-0 Qc7 12. Be3 Bf5 13. Nbd2 Bg6 14. Qg4 Nd5 15. Qc4 Qxc4 16. Nxc4 Nxe3 17. Nxe3 b5 18. Rfd1 Rfd8 19. Nd4 b4 20. Nc6 Rd7 21. Nc4 bxc3 22. bxc3 Rc7 23. Rxd6 Be4 24. N4a5 Rac8 25. Re1 Bxc6 26. Rxc6 Kf8 27. Rxc7 Rxc7 28. Re3 f5 29. g3 Kf7 30. Nb3 Rb7 31. Nd4 g6 32. Kg2 Rb2 33. a3 Ra2 34. c4 Ra1 35. Rc3 Ke7 36. c5 Kd7 37. c6+ Kc8 38. Nb5 a6 39. Nd6+ Kc7 40. Ne8+ Kd8 41. c7+ Kxe8 42. c8Q+ 1-0

[Event "Titled Tuesday intern op 01st Aug Early"]
[Site "Chess.com INT"]
[Date "2023.08.01"]
[Round "3"]
[White "Yonal, Timur"]
[Black "Larina, Marija"]
[Result "0-1"]
[WhiteElo "2033"]
[BlackElo "1948"]
[PlyCount "48"]
[EventDate "2023.08.01"]
[EventType "swiss (blitz)"]
[EventRounds "11"]
[EventCountry "USA"]
[SourceTitle "EXT 2024"]
[Source "ChessBase"]
[SourceDate "2023.10.10"]
[SourceVersion "1"]
[SourceVersionDate "2023.10.10"]
[SourceQuality "1"]

1. e3 f5 2. d4 Nf6 3. c4 d6 4. Nc3 g6 5. Bd3 Bg7 6. Nge2 0-0 7. f3 Nc6 8. Qc2 Nb4 9. Qb1 Nxd3+ 10. Qxd3 e5 11. d5 e4 12. fxe4 fxe4 13. Nxe4 Ng4 14. N2g3 Qh4 15. Bd2 Bxb2 16. Rb1 Be5 17. Ke2 Nxh2 18. Bc3 Bxg3 19. Nxg3 Qxg3 20. Qd4 Rf2+ 21. Kd3 Bf5+ 22. Qe4 Bxe4+ 23. Kxe4 Re8+ 24. Kd3 Qxe3# 0-1

[Event "Titled Tuesday intern op 25th Jul Early"]
[Site "Chess.com INT"]
[Date "2023.07.25"]
[Round "5"]
[White "Rodriguez Santiago, Jaime"]
[Black "Larina, Marija"]
[Result "1-0"]
[WhiteElo "2020"]
[BlackElo "1948"]
[PlyCount "63"]
[EventDate "2023.07.25"]
[EventType "swiss (blitz)"]
[EventRounds "11"]
[EventCountry "USA"]
[SourceTitle "EXT 2024"]
[Source "ChessBase"]
[SourceDate "2023.10.10"]
[SourceVersion "1"]
[SourceVersionDate "2023.10.10"]
[SourceQuality "1"]

1. c4 f5 2. d4 Nf6 3. g3 g6 4. Bg2 Bg7 5. Nf3 d6 6. 0-0 0-0 7. e3 Nc6 8. Nc3 e6 9. b3 Ne4 10. Bb2 Qe8 11. Nxe4 fxe4 12. Nd2 d5 13. f3 exf3 14. Nxf3 Bh6 15. Qe2 Ne7 16. g4 c6 17. Ne5 Bg7 18. e4 Bxe5 19. dxe5 dxc4 20. Qxc4 Bd7 21. Rxf8+ Qxf8 22. Rf1 Qg7 23. Rf6 Rf8 24. g5 h6 25. h4 h5 26. Bh3 Kh7 27. Bxe6 Bxe6 28. Qxe6 Ng8 29. Rxf8 Qxf8 30. Qd7+ Qg7 31. e6 Qxd7 32. exd7 1-0

[Event "Titled Tuesday intern op 18th Jul Early"]
[Site "Chess.com INT"]
[Date "2023.07.18"]
[Round "10"]
[White "Herman, Daniel"]
[Black "Larina, Marija"]
[Result "1/2-1/2"]
[WhiteElo "1928"]
[BlackElo "1948"]
[PlyCount "126"]
[EventDate "2023.07.18"]
[EventType "swiss (blitz)"]
[EventRounds "11"]
[EventCountry "USA"]
[SourceTitle "EXT 2024"]
[Source "ChessBase"]
[SourceDate "2023.10.10"]
[SourceVersion "1"]
[SourceVersionDate "2023.10.10"]
[SourceQuality "1"]

1. d4 f5 2. g3 Nf6 3. Bg2 d6 4. Nh3 Nc6 5. d5 Ne5 6. Nf4 g5 7. Ne6 Bxe6 8. dxe6 c6 9. Bxg5 Qc8 10. Bxf6 exf6 11. 0-0 Qxe6 12. Nd2 d5 13. Nf3 Nxf3+ 14. Bxf3 0-0-0 15. e3 Bc5 16. c3 f4 17. gxf4 Rdg8+ 18. Kh1 h5 19. Qe2 Kc7 20. Rg1 h4 21. Rxg8 Rxg8 22. Rg1 Rxg1+ 23. Kxg1 Qg8+ 24. Kh1 Qh7 25. b4 Bd6 26. h3 Qb1+ 27. Kh2 Qf5 28. Bg4 Qb1 29. a4 f5 30. Bf3 Qa1 31. c4 d4 32. c5 Bf8 33. Qc4 Be7 34. Qe6 Kd8 35. Qxf5 dxe3 36. fxe3 Qb2+ 37. Bg2 Qxb4 38. e4 Qxc5 39. Qxc5 Bxc5 40. e5 Ke7 41. Be4 Be3 42. Kg2 Bxf4 43. Kf3 Bxe5 44. Kg4 Bg3 45. Kf5 Kd6 46. Bf3 b6 47. Ke4 Kc5 48. Kd3 a5 49. Kc3 b5 50. Kb3 b4 51. Be4 Bf2 52. Bf3 Bd4 53. Be4 Bc3 54. Bf3 Kd4 55. Bxc6 Kd3 56. Bd7 Kd2 57. Bg4 Kd3 58. Be6 Kd4 59. Bg4 Kc5 60. Be6 Be5 61. Bg4 Bc3 62. Be6 Be5 63. Bg4 Bc3 1/2-1/2

[Event "Titled Tuesday intern op 18th Jul Early"]
[Site "Chess.com INT"]
[Date "2023.07.18"]
[Round "7"]
[White "Larina, Marija"]
[Black "Skiadopoulos, Nikolaos"]
[Result "1-0"]
[WhiteElo "1948"]
[BlackElo "1896"]
[PlyCount "59"]
[EventDate "2023.07.18"]
[EventType "swiss (blitz)"]
[EventRounds "11"]
[EventCountry "USA"]
[SourceTitle "EXT 2024"]
[Source "ChessBase"]
[SourceDate "2023.10.10"]
[SourceVersion "1"]
[SourceVersionDate "2023.10.10"]
[SourceQuality "1"]

1. e4 c5 2. Nc3 Nc6 3. g3 e6 4. Bg2 Nge7 5. Nf3 Ng6 6. d4 cxd4 7. Nxd4 Bc5 8. Ndb5 0-0 9. h4 a6 10. Nd6 b5 11. h5 Nge5 12. h6 g6 13. 0-0 Bxd6 14. Qxd6 Qe7 15. Qd1 Bb7 16. f4 Qc5+ 17. Kh2 Nc4 18. e5 Rad8 19. Ne4 Qe7 20. b3 N4xe5 21. fxe5 Nxe5 22. Bg5 f6 23. Rxf6 Bxe4 24. Rxf8+ Qxf8 25. Bxe4 Rc8 26. Bf4 Nf7 27. Qd4 d5 28. Bd3 Nxh6 29. Kg2 Nf5 30. Qe5 1-0

[Event "Titled Tuesday intern op 11th Jul Early"]
[Site "Chess.com INT"]
[Date "2023.07.11"]
[Round "11"]
[White "Larina, Marija"]
[Black "Balla, Tamas Kristof"]
[Result "1-0"]
[WhiteElo "1948"]
[BlackElo "2303"]
[PlyCount "139"]
[EventDate "2023.07.11"]
[EventType "swiss (blitz)"]
[EventRounds "11"]
[EventCountry "USA"]
[SourceTitle "EXT 2024"]
[Source "ChessBase"]
[SourceDate "2023.10.10"]
[SourceVersion "1"]
[SourceVersionDate "2023.10.10"]
[SourceQuality "1"]

1. e4 c5 2. Nc3 Nc6 3. g3 g6 4. Bg2 Bg7 5. d3 e6 6. Be3 d6 7. Qd2 Nf6 8. Bh6 0-0 9. h4 Bxh6 10. Qxh6 Ng4 11. Qd2 h5 12. Nh3 e5 13. 0-0-0 b5 14. f3 Nf6 15. Ng5 b4 16. Nd5 Nxd5 17. exd5 Nd4 18. g4 a5 19. gxh5 a4 20. hxg6 fxg6 21. c3 b3 22. cxd4 bxa2 23. Kc2 cxd4 24. Ra1 Bf5 25. Ne4 Rc8+ 26. Kd1 Qb6 27. Ke2 Qb3 28. Rhc1 Rxc1 29. Rxc1 Rc8 30. Rxc8+ Bxc8 31. Qc1 Bf5 32. Bf1 Qxd5 33. Kf2 Qb3 34. Be2 d5 35. Nc5 Qb6 36. Nxa4 Qa5 37. b3 Qb4 38. Qb2 e4 39. fxe4 dxe4 40. Qxa2 exd3 41. Bf3 d2 42. Bd1 d3 43. Qb2 Qxh4+ 44. Ke3 Qg3+ 45. Kxd2 Qf2+ 46. Kc3 Qe3 47. Qd2 Qe5+ 48. Kb4 Qd4+ 49. Ka3 Qf6 50. Nc3 g5 51. Bf3 g4 52. Bd5+ Kg7 53. b4 g3 54. Qe3 Qxc3+ 55. Ka4 Qc2+ 56. Kb5 d2 57. Qe7+ Kh6 58. Qe3+ Kg6 59. Qxg3+ Kf6 60. Qd6+ Kg5 61. Qg3+ Bg4 62. Qe5+ Qf5 63. Qg7+ Kf4 64. Qd4+ Kg3 65. Qxd2 Bf3 66. Kc6 Bxd5+ 67. Qxd5 Qc2+ 68. Qc5 Qg6+ 69. Qd6+ Qxd6+ 70. Kxd6 1-0